000 00440pab a2200181 454500
008 180718b1997 xxu||||| |||| 00| 0 eng d
100 _aSahay, K.B.
245 _aPopulation control: role of corporate sector
260 _c1997
300 _ap.8
362 _a24 Apr
650 _aFamily planning - India
650 _aIndia - Population
650 _aPopulation
650 _aFamily planning
773 _aTribune
909 _a34906
999 _c34906
_d34906